000 00938cam a22002771 4500
001 34689
005 20230410103520.0
008 740416s1969 xx b 000 0bspa
035 _9(DLC) 76250887
035 _a8560833
010 _a 76250887
035 _a(OCoLC)857826
040 _aDLC
_cPPT
_dOCoLC
_dDLC
042 _apremarc
050 1 4 _a118 PQ 7409
_bH519J 1969
100 2 _aJiménes Grullón, Juan Isidro,
_d1903-1983
245 1 0 _aPedro Henríquez Ureña :
_brealidad y mito y otro ensayo /
_c[por] J. I. Jimenes-Grullón.
260 _aSanto Domingo :
_bEditorial Librería Dominicana,
_c1969.
300 _a180 p.
_c21 cm.
504 _aIncludes bibliographies.
600 2 0 _aHenríquez Ureña, Pedro,
_d1884-1946.
600 2 0 _aHenríquez Ureña, Pedro,
_d1884-1946
_xCriticism and interpretation.
653 _aHenríquez Ureña, Pedro, 1884-1946.
942 _2lcc
_cbk
985 _eOCLC REPLACEMENT cdsdistr
999 _c20359
_d20359